| 000 | 00819nab a2200241 4500 | ||
|---|---|---|---|
| 003 | BR-BrBNA | ||
| 005 | 20260331160440.0 | ||
| 008 | 260331b bl.||||| |||| 00| 0 por d | ||
| 040 |
_aBR-BrBNA _bpor |
||
| 072 | _aP01 ; D50 ; E11 | ||
| 100 | _aSantiago, Darlene | ||
| 245 |
_aCorrida contra o relógio _bAgroeconomia |
||
| 500 | _a3 illus. | ||
| 650 | _aCADASTRO AMBIENTAL | ||
| 650 | _aCADASTRO RURAL | ||
| 650 | _aLEGISLAÇÃO | ||
| 650 | _aÁREA DE PRESERVAÇÃO PERMANENTE | ||
| 650 | _aREGULARIZAÇÃO AMBIENTAL | ||
| 650 | _aPLANEJAMENTO AMBIENTAL | ||
| 773 | 0 |
_01706 _9348153 _dSão Paulo-SP Editora Três Ltda - E-mail: luizfsa@revistadinheiro.com.br 2004 _o2025-0642 _tDinheiro Rural (Brazil) _x1807-3700 _gv. 10(128) p. 30-32; (Aug 2015) _wBR2026000433 |
|
| 942 | _cANA | ||
| 999 |
_c341187 _d341187 |
||